000 00879nam a2200253 i 4500
001 18709
003 ES-MaACL
005 20250818232004.0
007 t|
008 020305s2001 sp a |||| |dspa d
020 _a84-7925-183-2
080 _a821.134.2 Alas, Leopoldo (064.3)
080 _a929 Alas, Leopoldo (064.3)
245 0 0 _aClarín y su tiempo
_b: exposición conmemorativa del centenario de la muerte de Leopoldo Alas (1901-2001).
260 _aOviedo :
_bCajastur ;
_a[Madrid] :
_bFundación Ramón Areces,
_c[2001]
300 _a395 p. :
_bil. col. ;
_c28 cm.
600 1 4 _aAlas, Leopoldo,
_d1852-1901-
_vExposiciones
_919158
655 7 _2tgfbne
_9193628
_aCatálogos de exposiciones
710 2 _aCaja de Ahorros de Asturias.
_92283
710 2 _aFundación Ramón Areces
_94401
852 _aES-MaACL
_jL-25284
942 _2udc
999 _c18709
_d18709